1688 : (Record no. 14774)

000 -LEADER
fixed length control field 01826cam a2200313 a 4500
001 - CONTROL NUMBER
control field 15607312
003 - CONTROL NUMBER IDENTIFIER
control field OSt
005 - DATE AND TIME OF LATEST TRANSACTION
control field 20170105102904.0
008 - FIXED-LENGTH DATA ELEMENTS--GENERAL INFORMATION
fixed length control field 090202s2009 ctuab b 001 0 eng
010 ## - LIBRARY OF CONGRESS CONTROL NUMBER
LC control number 2009004607
020 ## - INTERNATIONAL STANDARD BOOK NUMBER
International Standard Book Number 9780300115475
040 ## - CATALOGING SOURCE
Original cataloging agency DLC
Transcribing agency DLC
Modifying agency DLC
043 ## - GEOGRAPHIC AREA CODE
Geographic area code e-uk---
050 00 - LIBRARY OF CONGRESS CALL NUMBER
Classification number DA452
Item number .P53 2009
082 00 - DEWEY DECIMAL CLASSIFICATION NUMBER
Classification number 941.067
Edition number 22
Author Mark PIN 2009
100 1# - MAIN ENTRY--PERSONAL NAME
Personal name Pincus, Steven C. A.
245 10 - TITLE STATEMENT
Title 1688 :
Remainder of title the first modern revolution /
Statement of responsibility, etc. Steve Pincus.
260 ## - PUBLICATION, DISTRIBUTION, ETC.
Place of publication, distribution, etc. New Haven :
Name of publisher, distributor, etc. Yale University Press,
Date of publication, distribution, etc. c2009.
300 ## - PHYSICAL DESCRIPTION
Extent xiii, 647 p. :
Other physical details ill., maps ;
Dimensions 26 cm.
490 0# - SERIES STATEMENT
Series statement The Lewis Walpole series in eighteenth-century culture and history
504 ## - BIBLIOGRAPHY, ETC. NOTE
Bibliography, etc. note Includes bibliographical references (p. [489]-617) and index.
505 0# - FORMATTED CONTENTS NOTE
Formatted contents note The unmaking of a modern revolution -- Rethinking revolutions -- Going Dutch: the transformation of English society -- English politics at the accession of James II -- The ideology of Catholic modernity -- The practice of Catholic modernity -- Resistance to Catholic modernity -- Popular revolution -- Violent revolution -- Divisive revolution -- Revolution in foreign policy -- Revolution in political economy -- Revolution in the church -- Conclusion -- Assassination, association, and the consolidation of revolution -- Conclusion: the first modern revolution.
651 #0 - SUBJECT ADDED ENTRY--GEOGRAPHIC NAME
Geographic name Great Britain
General subdivision History
Chronological subdivision Revolution of 1688.
651 #0 - SUBJECT ADDED ENTRY--GEOGRAPHIC NAME
Geographic name Great Britain
General subdivision History
Chronological subdivision Revolution of 1688
General subdivision Historiography.
651 #0 - SUBJECT ADDED ENTRY--GEOGRAPHIC NAME
Geographic name Great Britain
General subdivision History
Chronological subdivision Revolution of 1688
General subdivision Social aspects.
906 ## - LOCAL DATA ELEMENT F, LDF (RLIN)
a 7
b cbc
c orignew
d 1
e ecip
f 20
g y-gencatlg
942 ## - ADDED ENTRY ELEMENTS (KOHA)
Source of classification or shelving scheme
Koha item type Book
Holdings
Withdrawn status Lost status Damaged status Not for loan Collection code Permanent Location Current Location Shelving location Date acquired Total Checkouts Full call number Barcode Date last seen Price effective from Koha item type
          Centre for International Peace & Stability (CIPS) Centre for International Peace & Stability (CIPS) General Stacks 09/10/2013   941.067 PIN 2009 CIPS0000885 10/21/2013 10/21/2013 Book
© 2023 Central Library, National University of Sciences and Technology. All Rights Reserved.